[Event "85th Southwest Open 2019"]
[Site "Dallas"]
[Date "2019.09.02"]
[Round "7.2"]
[White "Shtembuliak, Evgeny"]
[Black "Gabuzyan, Hovhannes"]
[Result "1/2-1/2"]
[WhiteElo "2548"]
[BlackElo "2613"]
[Annotator "TA"]
[PlyCount "121"]
[EventDate "2019.08.29"]
[EventType "swiss"]
[EventCountry "USA"]
[SourceTitle "playchess.com"]
[Source "ChessBase"]
[SourceQuality "1"]

{[%evp 11,121,55,51,32,39,41,64,31,34,34,40,41,42,36,39,31,41,37,40,21,36,35,26,27,29,0,26,0,0,0,0,0,0,0,27,14,44,43,92,72,58,70,69,85,51,0,0,0,0,0,0,0,29,34,90,91,122,25,102,18,24,8,8,8,8,8,8,8,8,8,8,8,8,8,8,8,8,8,8,8,8,8,8,8,32,1,1,1,1,0,1,0,1,0,0,0,0,0,0,0,0,0,0,0,0,0,0,0,0,1,1,0]} 1. d4 g6 2. c4 Bg7 3. e4 d6 4. Nc3 e5 5. Nf3 Bg4 6. d5 Nd7 7. Be2 {A42: Modern Defence: Averbakh Variation} (7. h3 Bxf3 8. Qxf3 h5 9. Bd3 Kf8 10. O-O h4 11. Be3 Bh6 12. b4 Ndf6 13. c5 Bxe3 14. Qxe3 Nh5 {1-0 (47) Wang,Y (2718)-Ivanchuk,V (2710) Huaian 2016}) 7... Bxf3 8. Bxf3 h5 9. O-O {White is slightly better.} (9. b3 {feels hotter.} Bh6 10. Bb2 Bg5 11. Qc2 Kf8 12. Be2) 9... Bh6 10. Bxh6 Nxh6 11. b4 $146 ({Predecessor:} 11. Qd2 Kf8 12. g3 Kg7 13. Bg2 h4 14. Bh3 Nf6 {½-½ (35) Czebe,A (2481)-Szabo,Z (2351) Balatonlelle 2004}) 11... O-O 12. Rc1 Kg7 13. Re1 a5 14. a3 f5 15. Qd2 Nf6 16. c5 axb4 17. axb4 Rf7 18. Ra1 Rb8 19. exf5 Nxf5 20. Ne4 {Black should prevent Ng5.} Nxe4 21. Bxe4 Nd4 22. Ra3 Rf4 23. g3 Rf6 24. f4 Qf8 25. fxe5 dxe5 26. Qg5 Re8 27. Ra7 Rf5 28. Qe3 ({Better is} 28. Qd2 $14) 28... Rf3 $1 $11 {[%cal Rf3e3]} 29. Bxf3 Nxf3+ 30. Kg2 $1 Nxe1+ 31. Qxe1 {[%mdl 4096] Endgame KQR-KQR} Re7 32. Qe4 Qb8 (32... Qf6 $14) 33. Ra2 $16 b6 34. h4 (34. Ra6 $16) 34... Qc8 {[#]} (34... bxc5 $1 $11 35. Ra6 (35. bxc5 Qb5 $14) 35... Qe8) 35. cxb6 ({White should try} 35. Ra7 $1 $16 Qb8 36. Ra6) 35... cxb6 $11 36. d6 Qe6 $1 {[%cal Re6a2][%mdl 64] Double Attack} 37. Rd2 Rd7 38. Qc6 e4 $1 39. Qxb6 e3 $132 {[%mdl 2048] Black is fighting back} 40. Qd4+ Kh7 41. Re2 {next b5 is good for White.} Rxd6 42. Qxe3 Qxe3 43. Rxe3 {KR-KR} Rd2+ $1 44. Kf3 Rb2 45. Re7+ Kh6 46. Rb7 {Threatening b5.} Rb3+ 47. Kf4 {With the idea b5.} Rb1 48. b5 Rb4+ {The position is equal.} 49. Ke5 {[#] Black must now prevent Rb8.} Rb3 50. Kf4 {aiming for Rb8.} Rb4+ 51. Ke5 Rb3 52. b6 {Threatens to win with Kd6.} Rxg3 53. Rd7 {Hoping for b7.} Rb3 54. b7 g5 55. hxg5+ Kxg5 56. Kd5 Rb1 57. Kc4 {And now Rd5+ would win.} Rc1+ 58. Kb5 Rb1+ 59. Ka6 Ra1+ 60. Kb6 {Strongly threatening Rd5+.} Rb1+ 61. Kc7 {Accuracy: White = 55%, Black = 62%.} 1/2-1/2

[Event "85th Southwest Open 2019"]
[Site "Dallas"]
[Date "2019.09.02"]
[Round "7.3"]
[White "Stukopin, Andrey"]
[Black "Wang, Justin"]
[Result "1/2-1/2"]
[WhiteElo "2564"]
[BlackElo "2449"]
[Annotator "TA"]
[PlyCount "160"]
[EventDate "2019.08.29"]
[EventType "swiss"]
[EventCountry "USA"]
[SourceTitle "playchess.com"]
[Source "ChessBase"]
[SourceQuality "1"]

{[%evp 10,160,42,41,38,47,43,31,29,19,20,28,35,14,45,52,59,65,62,0,35,15,43,0,157,135,151,141,156,153,147,166,169,177,167,164,202,192,231,209,231,237,237,237,237,237,237,237,237,232,230,231,227,222,240,204,216,222,219,177,222,232,222,234,231,208,230,228,196,139,139,139,189,191,159,101,133,139,146,127,127,110,110,12,12,3,6,16,13,0,45,0,10,0,0,-45,-45,-45,0,0,0,0,0,0,0,0,0,0,0,0,0,0,0,0,0,0,0,0,0,0,0,0,0,0,0,0,0,0,0,0,0,0,0,0,0,0,0,0,0,0,0,0,0,0,0,0,0,0,0,0,0,0,0]} 1. e4 e5 2. Nf3 Nc6 3. Bc4 Nf6 4. d3 h6 5. c3 d6 6. Nbd2 g5 {C55: Two Knights: 4 d3, 4 d4 exd4 5 e5 and Max Lange Attack} 7. h3 Bg7 (7... Nh5 8. g3 Nf6 9. Nf1 Bg7 10. Ne3 Ne7 11. Bb3 c6 12. h4 g4 13. Nh2 h5 14. f3 {1-0 (40) Dominguez Perez,L (2739)-Mamedyarov,S (2801) Saint Louis 2018}) 8. Bb3 O-O {White is slightly better.} 9. Nf1 d5 10. Ng3 Be6 11. Qe2 $146 ({Predecessor:} 11. Bc2 d4 12. O-O Nh7 13. Nf5 Bxf5 14. exf5 {0-1 (36) Crigan,G (1790)-Verbin,V (2007) Kishinev 2019}) 11... a6 12. h4 {Black must now prevent exd5.} g4 13. Nh2 Ne7 14. h5 (14. f3 $14) 14... Qd7 15. O-O Rae8 16. f3 (16. Be3 {keeps more tension.} Qc6 17. Rad1 Kh7 18. Bd2 Kg8 19. d4) 16... Kh8 $2 ({Black should try} 16... gxf3 $11 17. Qxf3 Kh7) 17. fxg4 $1 $16 Bxg4 18. Nxg4 Qxg4 19. Qxg4 Nxg4 20. exd5 Rd8 21. c4 c6 {[%cal Rc6d5]} 22. Bd2 cxd5 23. Bb4 Rd7 24. cxd5 Nf6 25. Nf5 Nxf5 26. Bxf8 ({Much less strong is} 26. Rxf5 $6 Rfd8) 26... Nd4 27. Bxg7+ Kxg7 28. Rae1 Nxb3 29. axb3 Rxd5 $18 {[%mdl 4096] Endgame [#] KRR-KRN} 30. Rf5 $1 Nd7 31. Re3 Rd6 32. Kf1 f6 33. Rf2 Nf8 34. Ref3 Nh7 35. Rc2 Rd7 36. Rc8 Ng5 37. Re3 Kf7 38. Ke1 Ne6 39. Kd2 (39. Rg3 $18) 39... Nf4 $16 40. g4 Nd5 41. Re4 Nf4 {[#]} 42. Rc3 (42. Kc2 $142 $1) 42... Nd5 43. Rcc4 Ne7 44. Kc3 Nc6 45. Rc5 Nd4 46. Kb4 (46. Re1 $16) 46... Nc6+ $1 $11 {[%mdl 64] Discovered Attack} 47. Kc4 Ke6 48. b4 Nd4 49. Kc3 Nb5+ 50. Kd2 Rg7 $1 51. Rec4 Nd6 52. Rc7 Nxc4+ 53. Rxc4 $15 {KR-KR} f5 54. gxf5+ {The position is equal.} Kxf5 55. Rc5 Re7 56. Ke3 Rd7 57. b5 Rd6 58. bxa6 bxa6 59. b4 Rb6 60. d4 Rxb4 61. Rxe5+ Kf6 62. Ra5 Rb5 63. Rxa6+ Kg7 64. Rg6+ Kh7 65. Ke4 {Hoping for d5.} Rxh5 66. Rg3 {aiming for d5.} Rg5 67. Rf3 Kg6 68. d5 Rg1 69. d6 {And now d7 would win.} Rd1 70. Ke5 h5 71. Rf4 Kg5 72. Rd4 Re1+ $1 73. Kd5 {Strongly threatening d7.} Re8 74. d7 Rd8 75. Ke6 h4 $1 76. Ke7 (76. Rd1 {feels hotter.} h3 77. Rh1 Kg4 78. Rc1 h2 79. Ke7) 76... Rxd7+ 77. Kxd7 h3 78. Rd2 Kg4 79. Rh2 Kg3 80. Rxh3+ Kxh3 {Accuracy: White = 56%, Black = 69%.} 1/2-1/2

[Event "85th Southwest Open 2019"]
[Site "Dallas"]
[Date "2019.09.02"]
[Round "7.4"]
[White "Matsenko, Sergei"]
[Black "Hilby, Craig"]
[Result "1/2-1/2"]
[WhiteElo "2521"]
[BlackElo "2396"]
[Annotator "TA"]
[PlyCount "118"]
[EventDate "2019.08.29"]
[EventType "swiss"]
[EventCountry "USA"]
[SourceTitle "playchess.com"]
[Source "ChessBase"]
[SourceQuality "1"]

{[%evp 14,118,22,11,14,0,3,7,0,-14,-8,-12,-3,-12,-11,-49,-8,-2,-14,-9,0,0,0,0,0,0,0,0,0,0,0,0,0,0,0,0,0,0,0,0,0,0,0,0,14,0,0,0,11,7,7,7,12,9,10,18,2,0,15,17,15,17,16,15,20,2,34,0,0,0,0,0,0,0,0,0,0,0,0,0,0,0,0,0,0,0,0,0,0,0,0,0,0,0,0,0,0,0,0,0,0,0,0,0,0,0,0]} 1. d4 Nf6 2. c4 g6 3. Nc3 d5 4. Bd2 Bg7 5. cxd5 Nxd5 6. e4 Nxc3 7. Bxc3 O-O 8. Qd2 Nc6 {[%cal Rc6d4] D85: Exchange Grünfeld: Unusual White 7th moves and lines with 7 Nf3} (8... c5 9. d5 Bxc3 10. bxc3 Qd6 11. f4 e6 12. Bc4 b5 13. Bxb5 exd5 14. Bc4 Bb7 15. Nf3 Rd8 16. Bxd5 Bxd5 17. Qxd5 Qxd5 18. exd5 Rxd5 {½-½ (29) Tomashevsky,E (2702)-Nepomniachtchi,I (2768) Satka 2018}) 9. d5 {[#] Black must now prevent Bxg7.} Ne5 10. Be2 c6 11. f4 Ng4 12. Bxg7 Kxg7 13. Bxg4 Bxg4 14. dxc6 Qc7 $146 ({Predecessor:} 14... bxc6 15. h3 Be6 16. Nf3 {½-½ (73) Socko,B (2577)-Lei,T (2483) Graz 2016}) 15. h3 Be6 16. Qc3+ Kg8 17. Ne2 Rac8 18. f5 gxf5 19. cxb7 Qxc3+ 20. bxc3 Rc7 21. Nd4 fxe4 22. Nxe6 fxe6 $11 {[%mdl 4096] Endgame KRR-KRR} 23. Rb1 Rb8 24. Kd2 Rbxb7 25. Rxb7 Rxb7 {KR-KR} 26. Rc1 Kf7 27. Ke3 e5 28. Rc2 Ke6 29. Kxe4 Rd7 30. Ke3 Rd1 31. c4 {[%cal Bc3c4,Bc4c5,Bc5c6][%mdl 32]} Re1+ 32. Kf2 Re4 33. c5 Kd7 34. c6+ Kc7 35. g4 Rf4+ 36. Kg3 Rf6 37. Rc5 Re6 38. Ra5 Kxc6 39. Rxa7 Kd5 40. Kf2 Ke4 {The position is equal.} 41. Ke2 Kf4 42. Ra4+ Kg3 43. Ra3+ Kf4 44. Rf3+ Ke4 45. Re3+ Kf4 46. Rf3+ Ke4 47. Rb3 Kf4 48. a4 Ra6 49. Ra3 Ra5 50. Kf2 e4 51. Ke2 e3 52. Rxe3 Rxa4 {[#] And now ...Ra2+ would win.} 53. Rxe7 Re4+ 54. Rxe4+ Kxe4 {KPP-KP} 55. Kf2 {Strongly threatening Kg3.} Kf4 56. Kg2 h5 57. gxh5 {White threatens h6 and mate.} Kg5 58. h4+ Kxh5 59. Kh2 Kxh4 {Accuracy: White = 82%, Black = 83%.} 1/2-1/2

[Event "85th Southwest Open 2019"]
[Site "Dallas"]
[Date "2019.09.02"]
[Round "7.5"]
[White "Dragun, Kamil"]
[Black "Drozdowski, Kacper"]
[Result "1-0"]
[WhiteElo "2586"]
[BlackElo "2484"]
[Annotator "TA"]
[PlyCount "79"]
[EventDate "2019.08.29"]
[EventType "swiss"]
[EventCountry "USA"]
[SourceTitle "playchess.com"]
[Source "ChessBase"]
[SourceQuality "1"]

{[%evp 17,79,16,14,13,27,6,4,9,57,31,41,0,0,0,41,37,40,24,33,40,39,32,31,27,29,38,70,99,99,99,100,76,69,92,87,68,75,46,238,111,195,69,107,87,193,189,236,224,241,245,529,518,529,525,764,741,7776,954,6605,6119,5724,5202,1598,954]} 1. d4 d5 2. c4 dxc4 3. e4 Nf6 4. e5 Nd5 5. Bxc4 Nb6 6. Bd3 Nc6 7. Be3 Nb4 8. Be4 f5 9. exf6 exf6 10. Nc3 {White wants to play a3. D20: Queen's Gambit Accepted: 3 e3 and 3 e4} f5 11. Bb1 (11. Bf3 N4d5 12. Bd2 Be6 13. Nh3 Be7 14. O-O O-O 15. Re1 Bf7 16. Nf4 Bf6 17. Ne6 Bxe6 18. Rxe6 {½-½ (30) Grandelius,N (2646)-Van Kampen,R (2640) Reading 2017}) 11... N4d5 12. Nf3 {The position is equal.} Bd6 13. O-O {Black must now prevent Bg5.} O-O 14. a4 Nxe3 15. fxe3 Qe7 $146 ({Predecessor:} 15... a5 16. e4 c6 17. Ne5 Qe7 18. exf5 Bxe5 19. dxe5 Qxe5 {1-0 (36) Dragun,K (2530)-Izzat,K (2385) Al Ain 2013}) 16. e4 fxe4 17. Bxe4 {And now a5 would win.} Bf5 18. Qb3+ Kh8 $1 19. Bxf5 Rxf5 20. a5 Qe3+ $1 21. Kh1 Nd7 22. Qxb7 Raf8 {[#]} 23. Ne4 $1 $36 {[%cal Re4d6][%mdl 2048] White is really pushing.} ({Weaker is} 23. Qxa7 Qh6 $17) 23... Nf6 24. Rae1 Qh6 25. Nxd6 cxd6 26. Qe7 Nd5 $1 {[%cal Rd5e7]} 27. Qe4 {Strongly threatening Qxf5!} ({Much weaker is} 27. Qxa7 Ne3 $11) 27... Nc7 $2 {[#]} (27... g6 $14) 28. b4 (28. Qb7 $1 $18 {[%cal Rb7c7]} R5f7 29. Qxa7) 28... Qf6 (28... R5f7 $16 {was necessary.}) 29. Qe7 (29. Qb7 $18 Nd5 30. Qxa7) 29... Qxe7 30. Rxe7 Nb5 (30... R8f7 $16 31. Rxf7 Rxf7) 31. Rfe1 $18 g5 32. h3 h5 33. R1e6 {Rh6+ is the strong threat.} Rc8 $2 (33... R8f7 {is a better defense.} 34. Rxf7 Rxf7 35. Nxg5 Rf1+ 36. Kh2 Kg7 37. Re7+ Kg6) 34. Rh6+ {White is clearly winning.} Kg8 35. Rxh5 Rc4 36. Rhh7 Rxb4 37. Reg7+ Kf8 {[#]} 38. Rb7 $1 {[%cal Rh7h8]} Kg8 39. Rhg7+ Kf8 40. Nxg5 {Accuracy: White = 55%, Black = 39%.} 1-0

[Event "85th Southwest Open 2019"]
[Site "Dallas"]
[Date "2019.09.02"]
[Round "7.6"]
[White "Reshef, Omer"]
[Black "Preotu, Razvan"]
[Result "0-1"]
[WhiteElo "2467"]
[BlackElo "2494"]
[Annotator "TA"]
[PlyCount "114"]
[EventDate "2019.08.29"]
[EventType "swiss"]
[EventCountry "USA"]
[SourceTitle "playchess.com"]
[Source "ChessBase"]
[SourceQuality "1"]

{[%evp 19,114,19,30,18,54,30,53,47,60,46,66,59,63,37,35,27,48,11,14,2,7,25,66,60,52,56,127,87,115,64,72,25,64,58,89,0,12,0,0,0,0,0,0,0,1,-17,0,0,18,33,29,29,29,29,43,21,19,19,9,4,6,0,0,0,30,0,9,9,8,0,0,-8,-8,-8,-8,-8,0,0,0,-8,-8,-8,-8,-8,-8,-8,-8,-619,-597,-29959,-29961,-29960,-29961,-29975,-29976,-29975,-29972]} 1. Nf3 c5 2. c4 Nc6 3. Nc3 e5 4. g3 g6 5. Bg2 Bg7 6. O-O Nge7 7. a3 O-O 8. b4 d6 9. Rb1 Rb8 10. d3 h6 11. Ne1 $146 {A37: Symmetrical English vs ...g6: 4 Bg2 Bg7 5 Nf3} (11. Nd2 b6 12. Qa4 Bd7 13. b5 Na5 14. Qc2 f5 15. Bb2 Kh7 16. e3 Qe8 17. Rbe1 Nb7 18. f4 Nd8 {1-0 (40) Bocharov,D (2583)-Tregubov,P (2575) Riadh 2017}) 11... Be6 12. Nc2 cxb4 13. axb4 {White is slightly better.} d5 14. b5 Nd4 15. Ne3 {[%cal Rc4d5]} dxc4 16. dxc4 Qd7 17. Ned5 $36 {[%mdl 2048] White has the initiative.} Rfc8 18. b6 Nxd5 19. Nxd5 a6 20. Qd3 Bf5 21. e4 Be6 22. Be3 Re8 ({Better is} 22... a5 $14) 23. f4 Bxd5 24. cxd5 (24. exd5 $16 {Black must now prevent fxe5.} Nf5 25. Bh3) 24... Nb5 $1 $14 25. fxe5 Rxe5 26. Bf4 {[%mdl 64] Skewer} Qd6 {[#]} 27. Bxe5 ({White should try} 27. Qe3 $1 $16) 27... Qxb6+ $11 28. Qd4 (28. Kh1 {feels hotter.} Bxe5 29. Qf3 Rf8 30. Bh3 Qd8 31. Rfc1) 28... Qxd4+ 29. Bxd4 Bxd4+ 30. Kh1 Nd6 31. Rfc1 Be5 32. Rc7 b5 33. Re7 Bf6 34. Ra7 b4 35. Rxa6 Be5 36. Rb3 Nc4 37. d6 Nxd6 38. Rc6 Kf8 39. Rc5 f6 40. Rc1 Ke7 41. Rc7+ Kd8 42. Rc1 {Strongly threatening Rcb1.} (42. Rh7 {is more complex.} Rb6 43. Rxh6 Nb7 44. Rxg6 Nc5 45. Rb1) 42... Rb5 43. Bf1 Rb7 44. Bd3 (44. Rc6 {keeps more tension.} Kd7 45. Ra6 Nxe4 46. Bh3+ Kd8 47. Bg2) 44... Bc3 45. Rcxc3 bxc3 46. Rxc3 {[%mdl 4096] Endgame KRB-KRN} Nf7 47. Bc4 Ne5 {Hoping for ...Rc7.} 48. Bd5 Rb2 49. h3 Kd7 50. Ra3 Kd6 51. Ra6+ Kc5 52. Rxf6 Kd4 53. Bf7 $2 {[%mdl 8192] [#]} (53. h4 $11) 53... Ke3 $1 $19 {( -> ...Nf3)} 54. Bxg6 {White wants to play Bh5.} Nf3 {Black mates.} 55. Rxf3+ Kxf3 56. e5 Kxg3 57. Kg1 Re2 {Accuracy: White = 49%, Black = 56%.} 0-1

[Event "85th Southwest Open 2019"]
[Site "Dallas"]
[Date "2019.09.02"]
[Round "7.7"]
[White "Beradze, Irakli"]
[Black "Javakhadze, Zurab"]
[Result "1/2-1/2"]
[WhiteElo "2493"]
[BlackElo "2441"]
[Annotator "TA"]
[PlyCount "35"]
[EventDate "2019.08.29"]
[EventType "swiss"]
[EventCountry "USA"]
[SourceTitle "playchess.com"]
[Source "ChessBase"]
[SourceQuality "1"]

{[%evp 34,35,16,0]} 1. e4 c5 2. Nf3 d6 3. d4 cxd4 4. Nxd4 Nf6 5. Nc3 g6 6. Be3 Bg7 7. f3 Nc6 8. Qd2 O-O 9. O-O-O d5 10. exd5 Nxd5 11. Nxc6 bxc6 12. Nxd5 cxd5 13. Qxd5 Qc7 14. Qc5 Qb7 {[#]} 15. Qa3 $146 ({Predecessor:} 15. b3 Bf5 16. Bd3 Rac8 17. Qa5 Rc3 18. Bxf5 Rxe3 19. Be4 Qc8 20. g4 Qb8 21. Kb1 Qf4 22. Rd8 Bc3 23. Rxf8+ Kxf8 24. Qxa7 Re2 25. a3 Qxh2 26. Rd1 {½-½ (26) Kribben,M (2652)-Lecroq,M (2609) ICCF email 2011}) 15... Qc7 16. Qc5 Qb7 17. Qa3 Qc7 18. Qc5 1/2-1/2

[Event "85th Southwest Open 2019"]
[Site "Dallas"]
[Date "2019.09.02"]
[Round "7.8"]
[White "Stremavicius, Titas"]
[Black "Nguyen, Emily"]
[Result "1-0"]
[WhiteElo "2498"]
[BlackElo "2183"]
[Annotator "TA"]
[PlyCount "59"]
[EventDate "2019.08.29"]
[EventType "swiss"]
[EventCountry "USA"]
[SourceTitle "playchess.com"]
[Source "ChessBase"]
[SourceQuality "1"]

{[%evp 10,59,12,2,0,0,10,0,-8,-10,-5,-37,0,0,0,0,0,0,0,-49,-25,-31,0,-13,18,16,26,0,28,0,54,2,4,19,79,73,166,177,171,145,147,160,239,250,296,290,286,272,289,281,265,267]} 1. c4 e5 2. Nc3 Nf6 3. Nf3 Nc6 4. e3 Bb4 5. Qc2 Bxc3 6. bxc3 d6 {A28: English Opening: Four Knights Variation} (6... O-O 7. d3 d6 8. Be2 h6 9. O-O b6 10. e4 Nh7 11. Ne1 f5 12. exf5 Bxf5 13. f4 Qd7 14. Nf3 Rae8 15. fxe5 dxe5 {½-½ (31) Ganguly,S (2615)-Wojtaszek,R (2749) Germany 2019}) 7. e4 O-O 8. g3 a6 {The position is equal.} 9. Rb1 Rb8 10. Nh4 $146 ({Predecessor:} 10. Bg2 Be6 11. d3 h6 12. a4 b6 13. O-O Na5 14. Nh4 {1-0 (46) Lunek,F (2282)-Schenning,A (2007) ICCF email 2016}) 10... Ne7 11. d3 Be6 12. Bg2 b5 13. cxb5 axb5 14. f4 exf4 15. gxf4 Bg4 16. h3 Bh5 17. O-O Nd7 18. f5 c5 19. Qf2 Nc6 20. f6 ({White should play} 20. d4 $14) 20... Qxf6 $11 21. Qg3 Qe6 (21... Qd8 $11 {keeps the balance.}) 22. Bf4 $16 Nde5 (22... Rb6 $16 {keeps fighting.}) 23. Nf5 $18 {[%csl Gf5][%cal Rg3g7] [#]} Qg6 24. d4 cxd4 25. cxd4 $40 {[%mdl 128] Black is in trouble.} Be2 (25... Qxg3 $16 {might work better.} 26. Nxg3 Nxd4) 26. Rf2 ({Resist} 26. dxe5 $6 Qxg3 27. Bxg3 Bxf1) 26... Bd3 27. Rd1 {White has a decisive advantage.} ({Not} 27. Bxe5 Bxb1 28. Bxd6 Qxg3 $11) 27... Qxg3 28. Bxg3 Nxd4 29. Nxd4 Bc4 30. Nf5 {Accuracy: White = 59%, Black = 46%.} 1-0

[Event "85th Southwest Open 2019"]
[Site "Dallas"]
[Date "2019.09.02"]
[Round "7.9"]
[White "Sorokin, Aleksey"]
[Black "Arribas Lopez, Angel"]
[Result "1/2-1/2"]
[WhiteElo "2514"]
[BlackElo "2440"]
[Annotator "TA"]
[PlyCount "58"]
[EventDate "2019.08.29"]
[EventType "swiss"]
[EventCountry "USA"]
[SourceTitle "playchess.com"]
[Source "ChessBase"]
[SourceQuality "1"]

{[%evp 29,58,64,61,39,50,28,39,39,39,16,10,0,6,0,100,31,56,52,58,64,83,64,59,44,69,50,49,0,65,0,48]} 1. d4 g6 2. c4 Bg7 3. Nc3 d6 4. Nf3 Nf6 5. e4 O-O 6. Be2 e5 7. O-O Nc6 8. d5 Ne7 9. Ne1 Nd7 10. Be3 f5 11. f3 f4 12. Bf2 g5 13. Nd3 Ng6 14. c5 Nf6 15. Rc1 Rf7 16. Kh1 {E99: King's Indian: Classical Main Line: 9 Ne1 Nd7 10 f3 f5} Bf8 17. b4 Rg7 18. Rg1 {White is slightly better.} h5 19. g3 fxg3 $1 20. Rxg3 g4 $1 21. Qd2 {[#]} h4 $146 (21... a5 $1 $11) ({Predecessor:} 21... a5 22. a3 axb4 23. axb4 c6 24. dxc6 bxc6 25. cxd6 Qxd6 {½-½ (41) Lenderman,A (2599)-Nakamura,H (2787) Saint Louis 2018}) 22. Rg2 (22. Rgg1 $16) 22... Nh5 {[#] Hoping for ...g3!} 23. fxg4 Ngf4 24. Rgg1 $36 {[%mdl 2048] White is pushing.} Nxd3 25. Bxd3 Nf4 $1 26. g5 {aiming for Be3.} Nh3 27. Rg2 {[#] Threatens to win with Be3.} Nf4 28. Rgg1 Nh3 $1 29. Rg2 {And now Be3 would win.} Nf4 {Accuracy: White = 24%, Black = 69%.} 1/2-1/2

[Event "85th Southwest Open 2019"]
[Site "Dallas"]
[Date "2019.09.02"]
[Round "7.10"]
[White "Hong, Andrew"]
[Black "Berczes, David"]
[Result "0-1"]
[WhiteElo "2440"]
[BlackElo "2488"]
[Annotator "RC"]
[PlyCount "124"]
[EventDate "2019.08.29"]
[EventType "swiss"]
[EventCountry "USA"]
[SourceTitle "playchess.com"]
[Source "ChessBase"]
[SourceQuality "1"]
[TimeControl "5400+30"]

1. e4 {[%emt 0:00:00]} e6 {[%emt 0:00:11]} 2. d4 {[%emt 0:00:16]} d5 {[%emt 0:00:04]} 3. Nc3 {[%emt 0:00:25]} Nf6 {[%emt 0:00:05]} 4. Bg5 {[%emt 0:00:22]} dxe4 {[%emt 0:00:07]} 5. Nxe4 {[%emt 0:00:14]} Be7 {[%emt 0:00:04]} 6. Bxf6 {[%emt 0:00:23]} gxf6 {[%emt 0:00:06]} 7. Qd2 {[%emt 0:00:56]} b6 {[%emt 0:00:37]} 8. O-O-O {[%emt 0:00:37]} Bb7 {[%emt 0:00:09]} 9. Nc3 {[%emt 0:00:16]} c6 {[%emt 0:00:26]} 10. Kb1 {[%emt 0:00:50]} Nd7 {[%emt 0:00:25]} 11. Qh6 {[%emt 0:00:40]} Qc7 {[%emt 0:01:59]} 12. Be2 {[%emt 0:00:40]} O-O-O {[%emt 0:06:33]} 13. Bh5 {[%emt 0:00:21]} Rdf8 {[%emt 0:01:47]} 14. Nf3 {[%emt 0:00:21]} Rhg8 {[%emt 0:07:09]} 15. g3 {[%emt 0:04:32]} b5 {[%emt 0:09:11]} 16. Rhe1 {[%emt 0:18:39]} b4 {[%emt 0:35:28]} 17. Ne4 {[%emt 0:29:52]} Qa5 {[%emt 0:01:22]} 18. g4 {[%emt 0:08:42]} Ba6 {[%emt 0:21:35]} 19. Qxh7 {[%emt 0:10:21]} Rh8 {[%emt 0:01:51]} 20. Qg7 {[%emt 0:00:16]} Rhg8 {[%emt 0:01:15]} 21. Qh7 {[%emt 0:03:40]} Rh8 {[%emt 0:00:07]} 22. Qg7 {[%emt 0:00:05]} Rhg8 {[%emt 0:00:04]} 23. Qh6 {[%emt 0:03:31]} Bc4 {[%emt 0:00:42]} 24. b3 {[%emt 0:00:22]} Bd5 {[%emt 0:00:04]} 25. Nfd2 {[%emt 0:04:20]} f5 {[%emt 0:06:22]} 26. gxf5 {[%emt 0:03:01]} Rh8 {[%emt 0:00:22]} 27. Qf4 {[%emt 0:06:14]} Rxh5 {[%emt 0:00:09]} 28. f6 {[%emt 0:00:03]} Bd8 {[%emt 0:03:45]} 29. Nd6+ {[%emt 0:00:52]} Kb8 {[%emt 0:00:01]} 30. Nxf7+ {[%emt 0:00:47]} Qc7 {[%emt 0:00:52]} 31. Ne5 {[%emt 0:00:30]} Nxf6 {[%emt 0:01:28]} 32. Rg1 {[%emt 0:00:48]} Ka8 {[%emt 0:00:34]} 33. Rg6 {[%emt 0:00:56]} Nd7 {[%emt 0:00:46]} 34. Qg4 {[%emt 0:00:24]} Nxe5 {[%emt 0:00:48]} 35. dxe5 {[%emt 0:00:13]} Rxe5 {[%emt 0:00:29]} 36. Qxb4 {[%emt 0:01:05]} c5 {[%emt 0:00:18]} 37. Qb5 {[%emt 0:01:02]} Bc6 {[%emt 0:00:44]} 38. Qf1 {[%emt 0:00:56]} Ref5 {[%emt 0:00:29]} 39. Rxe6 {[%emt 0:00:23]} Rxf2 {[%emt 0:00:18]} 40. Qe1 {[%emt 0:01:01]} Bd5 {[%emt 0:00:42]} 41. Re5 {[%emt 0:00:28]} Bb7 {[%emt 0:00:27]} 42. Ne4 {[%emt 0:01:03]} Qxe5 {[%emt 0:00:31]} 43. Qxf2 {[%emt 0:00:10]} Rxf2 {[%emt 0:00:32]} 44. Rxd8+ {[%emt 0:00:05]} Bc8 {[%emt 0:00:01]} 45. Nxf2 {[%emt 0:00:24]} Qe1+ {[%emt 0:01:00]} 46. Kb2 {[%emt 0:00:56]} Qe5+ {[%emt 0:00:02]} 47. Kb1 {[%emt 0:00:22]} Qc7 {[%emt 0:00:08]} 48. Rf8 {[%emt 0:01:01]} Kb7 {[%emt 0:01:18]} 49. Ne4 {[%emt 0:00:26]} Qe5 {[%emt 0:00:14]} 50. Re8 {[%emt 0:00:23]} Qd4 {[%emt 0:00:10]} 51. Ng3 {[%emt 0:00:42]} c4 {[%emt 0:00:52]} 52. Re4 {[%emt 0:00:31]} Qg1+ {[%emt 0:00:27]} 53. Kb2 {[%emt 0:00:01]} Qxh2 {[%emt 0:00:25]} 54. Re3 {[%emt 0:00:07]} Qh8+ {[%emt 0:00:45]} 55. Rc3 {[%emt 0:00:35]} Kc6 {[%emt 0:00:39]} 56. Nf1 {[%emt 0:00:51]} Be6 {[%emt 0:00:22]} 57. Ne3 {[%emt 0:00:56]} Qd4 {[%emt 0:00:17]} 58. bxc4 {[%emt 0:00:32]} a5 {[%emt 0:00:23]} 59. Nd5 {[%emt 0:00:29]} Bxd5 {[%emt 0:00:28]} 60. cxd5+ {[%emt 0:00:02]} Kxd5 {[%emt 0:00:36]} 61. a4 {[%emt 0:00:12]} Ke4 {[%emt 0:00:43]} 62. Kb3 {[%emt 0:00:25]} Qb4+ {[%emt 0:01:12] Kb2} 0-1